| 000 | 00507nam a2200181Ia 4500 | ||
|---|---|---|---|
| 008 | 191130s2007##################000#0#eng## | ||
| 020 | _a9781405719537 | ||
| 040 |
_aACL _cACL |
||
| 082 | _a348.4204 WID | ||
| 245 |
_aThe all England law reports 2007 _cedited by Karen Widdcombe |
||
| 260 |
_aLondon _bButterworth & Co _c2007 |
||
| 300 | _a1068 p.; 23 cm. | ||
| 650 | _aLaw- Reports | ||
| 700 | _aWiddicombe, Karen | ||
| 990 | _a077baf02ac10000c4a80cc5cb8a41f5a | ||
| 991 | _a390722 | ||
| 999 |
_c300833 _d300833 |
||